000 00749nam a22001937a 4500
999 _c194112
_d194112
005 20230120160309.0
010 _aB-746569-573 E.N.A./7.11.22
020 _a9789386797094
_c399.00
035 _aB-746569-573
037 _bAakar
082 _a305.40954
100 _aDubey, Priyanka
245 _aNo Nation for Women/
_cPriyanka Dubey
260 _aNew Delhi
_bSimon & Schuster
_c2020
270 _a818, Indraprakash Building, 21, Barakhamba Road
_bNew Delhi
_e110001
300 _axv, 243p.
_c21cm(pbk)
942 _2ddc
_cEN
_mDUB
_h305.40954